Tax research

Bibliographic Details
Main Author: Karlin, Barbara H.
Format: Book
Published: New Jersey : Prentice Hall , 2003
Edition:2nd ed.
Subjects:

MARC

LEADER 00000cam a2200000 7i4500
001 0000011382
005 20050628.0
020 |a 0130449482 
040 |a INS 
090 0 0 |a KF241.T34   |b K1466 2003 
100 1 |a Karlin, Barbara H. 
245 1 0 |a Tax research   |c Barbara H. Karlin 
250 |a 2nd ed. 
260 |a New Jersey :   |b Prentice Hall ,   |c 2003 
300 |a xip :   |b 603p ;   |c 26cm. 
650 0 0 |a Taxation   |x law and legislation 
999 |a 0000010820   |b BOOK   |c Open Shelf   |e Default branch